02871nam a2200277 a 4500001001000000005001700010008004100027041000800068044000700076084002000083100004500103245011900148260003200267300002200299500035600321500022300677500132500900500008402225500003702309500001002346650005202356650005602408650003402464650004502498740005002543BRCA_281220190320204000.0081208s1905----sp-a---###---#000-0#spa-u aspa asp a258b.C33c19051 aCervantes Saavedra, Miguel ded1547-161610aQuijote del CentenariobEl Ingenioso Hidalgo Don Quijote de la Manchaccompuesto por Miguel de Cervantes Saavedra. aMadridbR. L. Cabrerac1905 a8 v.bil.c33 cm. aConenido : v 1. Primera parte. Retrato de José Jiménez Aranda. Juicio critico de J. R. Mélida. Dedicatoria del autor. Prólogo del autor. Versos preliminares. Texto. -- v 2. Láminas. -- v 3. Texto. -- v 4. Láminas. -- v 5. Segunda parte. Dedicatoria del autor. Prólogo del autor. Texto. -- v 6. Láminas. -- v 7. Texto. -- v 8. Láminas aEdición : 689 láminas de J. Jiménez Aranda y III de Alpériz, Bilbao, García Ramos, Jiménez, L. Cabrera, Moreno Carbonero, Sorolla, Sala y Villegas, con un juicio crítico de la obra de D. José R Mélida aProducto de la labor de una parte de la vida de J. Jiménez Aranda, original y notabilísimo dibujante. Su propósito fue hacer una íntegra representación gráfica de la novela, frase por frase, siguiendo el hilo de sus episodios. En efecto, constituyen su labor artística en esta edición 137 dibujos y 552 bocetos, en los cuales escena por escena va representado el contenido de los capítulos de la novela, poniendo al pie de cada lámina las primeras palabras del pasaje a que hace referencia, en español, francés, alemán e inglés. La muerte impidió al artista ver terminada su obra, tal y como la había concebido. Concluyeron la ardua tarea, pero representando tan sólo los pasajes más salientes de los demás capítulos, su hermano Luis, Alpériz y otros, cuyos nombres figuran en el título de esta publicación. De esta suntuosa y magnífica edición, impresa con claros y hermosos tipos y grandes márgenes sobre papel superior, puede decirse que, desde el punto de vista artístico, constituye el más valioso intento de expresión gráfica del Quijote, y una de las ediciones castellanas de la novela en que los artistas españoles han sabido interpretar bien más notables escenas y lugares. Tela roja; lomeras y tapas decoradas con adornos dorados Lúdovik Osterc aEstado físico : Los volumenes 7 y 8 presentan el lomo ligeramente desprendido aCon ex-libris de : Luis Bardón aQM23014aNovela españolayÉpoca clásica, 1500-170014aLiteratura españolayÉpoca clásica, 1500-170014aNovela españolaySiglo XVII14aDon Quijote (Personaje ficticio)eNovela0 aEl Ingenioso Hidalgo Don Quijote de la Mancha